000 00519nam a2200181Ia 4500
003 GCL
008 140319s9999 xx 000 0 eng d
040 _aGCL /
_cGCL
082 0 4 _a198.9
_bW K
100 1 _aWESTON, MICHAEL
245 1 0 _aKIERKEGAARD AND MODERN CONTINENTAL PHILOSOPHY: AN INTRODUCTION /
_cWESTON, MICHAEL
260 _a[S.N] :
_bROUTLEDGE ،
_c1994
300 _a200 P
650 0 4 _aPHILOSOPHY
650 0 4 _aKIERKEGAARD, S.(1813 - 1855)
650 0 4 _aPHILOSOPHERS - MODERN EUROPE
942 _2ddc
_cBK
999 _c20809
_d20809